[Event "GER-chT U20"]
[Site "Osnabrueck"]
[Date "2018.12.28"]
[Round "3.2"]
[White "Knudsen, Simon"]
[Black "Fieberg, Samuel"]
[Result "0-1"]
[WhiteElo "2206"]
[BlackElo "2170"]
[PlyCount "80"]
[EventDate "2018.12.27"]
[EventType "team-swiss"]
[EventRounds "7"]
[EventCountry "GER"]
[SourceTitle "CBM 188 Extra"]
[Source "ChessBase"]
[SourceDate "2019.02.26"]
[SourceVersion "1"]
[SourceVersionDate "2019.02.26"]
[SourceQuality "1"]
[WhiteTeam "Brackel"]
[BlackTeam "Porz SG"]
[WhiteTeamCountry "GER"]
[BlackTeamCountry "GER"]

1. e4 c5 2. Nf3 Nc6 3. Bb5 g6 4. Bxc6 dxc6 5. d3 Bg7 6. h3 e5 7. a4 Ne7 8. a5 Rb8 9. Be3 b6 10. axb6 axb6 11. Nc3 0-0 12. Qd2 Qc7 13. Bh6 f6 14. 0-0 Be6 15. b3 Ra8 16. Be3 g5 17. Kh2 h6 18. Ne2 f5 19. Qc3 Nd5 20. Qb2 Rxa1 21. Rxa1 Nf4 22. Ng3 fxe4 23. dxe4 Nxh3 24. gxh3 Rxf3 25. Ra8+ Kh7 26. Qa1 Qf7 27. Kg2 g4 28. hxg4 Bxg4 29. Ra7 Qf6 30. Nf5 Rxf5 31. exf5 Qxf5 32. Kg1 Be2 33. f3 Bxf3 34. Qf1 e4 35. Kf2 Kg6 36. Ke1 Bc3+ 37. Bd2 Qe5 38. Qg1+ Kh5 39. Rd7 e3 40. Bxc3 Qxc3+ 0-1

[Event "GER-chT U20"]
[Site "Osnabrueck"]
[Date "2018.12.27"]
[Round "1.2"]
[White "Knudsen, Simon"]
[Black "Triantafillidis, Simeon"]
[Result "1-0"]
[WhiteElo "2206"]
[BlackElo "1955"]
[PlyCount "77"]
[EventDate "2018.12.27"]
[EventType "team-swiss"]
[EventRounds "7"]
[EventCountry "GER"]
[SourceTitle "CBM 188 Extra"]
[Source "ChessBase"]
[SourceDate "2019.02.26"]
[SourceVersion "1"]
[SourceVersionDate "2019.02.26"]
[SourceQuality "1"]
[WhiteTeam "Brackel"]
[BlackTeam "Biberach"]
[WhiteTeamCountry "GER"]
[BlackTeamCountry "GER"]

1. e4 e5 2. Nf3 Nc6 3. Bc4 Nf6 4. Ng5 d5 5. exd5 Na5 6. Bb5+ c6 7. dxc6 bxc6 8. Be2 h6 9. Nh3 Bc5 10. Nc3 Bxh3 11. gxh3 Qd4 12. 0-0 Qh4 13. Bf3 Qxh3 14. d3 Bd6 15. Ne4 Nxe4 16. Bxe4 0-0 17. Qf3 Qxf3 18. Bxf3 Rab8 19. Re1 c5 20. Bd2 Nb7 21. Bc3 Rfe8 22. Bd5 Kf8 23. Re4 Nd8 24. Ra4 Re7 25. Re1 f6 26. Ree4 Rc8 27. Ra6 Bb8 28. Rc4 Nb7 29. b4 Nd6 30. Rxc5 Rxc5 31. bxc5 Nb5 32. Ba5 Nc7 33. Bxc7 Rxc7 34. Ra5 Ke7 35. Rb5 Rc8 36. Rb7+ Kf8 37. c4 a5 38. Rf7+ Ke8 39. Rxg7 1-0